000 00304nam a2200097Ia 4500
082 _a916.8 REID
245 0 _aA walk in the park : travels in and around South Africa's national parks
100 _a REID, Roxanne Cape Town, 2009
_976165
942 _cBK
008 210817s9999 xx 000 0 und d
999 _c252794
_d252793